MDQL
is popping MORE tags! Check the
thread
!
Quizzes
Events
Quiz Creation
Community
Videos
Private Events
Remove Ads
Sign In
Join for FREE
Feedback
Dark Mode
Quiz Categories
Sports
Geography
Music
Movies
Television
Just For Fun
Miscellaneous
History
Literature
Language
Science
Gaming
Entertainment
Religion
Holiday
For Kids
Quiz Lab
Recent
Popular Today
Quiz Kudos Today
Editor Picks
Curator Picks
Quizzes by...
Day
Popularity
Type
Ratings
Length
Year
Community
Subscriptions
Recent Discussions
Orange Saloon
Badges
Playlists
Quests
Create
Leaderboards
Showdown
Live 5
Trivia Bingo
Activity
Puzzle Library
Sporcle Events
Private Events
Virtual Trivia
Globe League
Become a Host
Pub Owners
SporcleCon
Opinionation
Our Games
Videos
Blog
Mobile Apps
Partnerships
Remove Ads and Go Orange
Feedback
Sports
Athletes
MLB
NBA
NHL
NFL
Soccer
Sports Teams
WWE
NCAA
Football
Premier League
Basketball
Baseball
Hockey
Golf
Tennis
Cricket
Rugby
Auto Racing
Olympics
World Cup
Sports
Athletes
MLB
NBA
NHL
NFL
Soccer
Sports Teams
WWE
NCAA
Football
Premier League
Basketball
Baseball
Hockey
Golf
Tennis
Cricket
Rugby
Auto Racing
Olympics
World Cup
Random Quiz
Search Sporcle
×
Quiz Lab
Quiz Lab
Sports
Player
Type in answers that appear in a list
Type in answers that appear in a list
Classic
Best Score? Go Orange.
PGA Players of the Year Stats
Can you name the PGA Players of the Year?
By
MrInfernis
7m
61 Questions
85 Plays
85 Plays
85 Plays
Comments
Comments
Give Quiz Kudos
Give Quiz Kudos
-
- Ratings
hide this ad
Replay
Link that replays current quiz
Next Quiz
Link to next quiz in quiz playlist
You Got
0%
They Got
Avg Score
60%
Avg Friend Score
Upgrade to see
Score Distribution
Jump to the score distribution portion of the page
Score
0/61
Timer
07:00
0
Plays Today
Year
Player
% Correct
1997
Tiger Woods
100%
1999
Tiger Woods
100%
2000
Tiger Woods
100%
2001
Tiger Woods
100%
2002
Tiger Woods
100%
2003
Tiger Woods
100%
2005
Tiger Woods
100%
2006
Tiger Woods
100%
2007
Tiger Woods
100%
2009
Tiger Woods
100%
1960
Arnold Palmer
97.6%
1962
Arnold Palmer
97.6%
1967
Jack Nicklaus
97.6%
1972
Jack Nicklaus
97.6%
1973
Jack Nicklaus
97.6%
1975
Jack Nicklaus
97.6%
1976
Jack Nicklaus
97.6%
2004
Vijay Singh
83.5%
1977
Tom Watson
80%
1978
Tom Watson
80%
1979
Tom Watson
80%
1980
Tom Watson
80%
1982
Tom Watson
80%
1984
Tom Watson
80%
1948
Ben Hogan
77.6%
1950
Ben Hogan
77.6%
1951
Ben Hogan
77.6%
1953
Ben Hogan
77.6%
1995
Greg Norman
76.5%
1949
Sam Snead
71.8%
1990
Nick Faldo
70.6%
Year
Player
% Correct
1992
Fred Couples
61.2%
1998
Mark O'Meara
61.2%
2008
Padraig Harrington
58.8%
1974
Johnny Miller
54.1%
1989
Tom Kite
54.1%
1971
Lee Trevino
52.9%
1993
Nick Price
52.9%
1994
Nick Price
52.9%
1991
Corey Pavin
44.7%
1996
Tom Lehman
43.5%
1966
Billy Casper
35.3%
1970
Billy Casper
35.3%
1988
Curtis Strange
32.9%
1987
Paul Azinger
29.4%
1986
Bob Tway
28.2%
1983
Hal Sutton
27.1%
1964
Ken Venturi
20%
1985
Lanny Wadkins
18.8%
1952
Julius Boros
16.5%
1963
Julius Boros
16.5%
1981
Bill Rogers
15.3%
1956
Jack Burke
10.6%
1955
Doug Ford
9.4%
1961
Jerry Barber
9.4%
1969
Orville Moody
9.4%
1954
Ed Furgol
8.2%
1958
Dow Finsterwald
8.2%
1959
Art Wall
7.1%
1965
Dave Marr
7.1%
1957
Dick Mayer
5.9%
Quiz Playlist
Details
Report
Send in Message
Add To Playlist
Classic:
Type in answers that appear in a list
Last Updated: Feb 16, 2017
Quiz Scoreboard
CHALLENGE
Sign Up to Join the Scoreboard
Show All
Scores
Hide
Comments
May contain spoilers
Recently Published
Colored Red Africa Blitz
by spor1
Geography
30s
Find the 'City' Movie
by crazypaving
Movies
60s
5x2 Blitz: Bands
by SL_Kpop136
Music
30s
More to Explore
Quiz From the Vault
Featured Blog Post
14 Easter Pick-up Lines to Find Eggs With
hide this ad
You Might Also Like...
Tags
PGA
Player
Today's Top Quizzes in Sports
Browse Sports
hide this ad
Today's Top Quizzes in Player
Browse Player
Top Contributed Quizzes in Sports
1
Les meilleurs buteurs des matchs entre le PSG et l’OM
2
Les entraîneurs de l'OM et du PSG au 21e siècle
3
Les joueurs passés par le PSG et l'OM
4
2022 World Cup Stars
5
Players with Multiple 50 Home Run Seasons
6
Criteria MLB: Left Handed Sluggers
7
MLB Players with Two .350 Batting Average Seasons
8
Les joueurs passés par le LOSC et le RC Lens
9
NBA Logic Puzzle 2.0
10
Top 10 NHL Goal Scorers of All Time
Explore More
Trending Topics
Marvel
Kpop
NBA
Harry Potter
Crossword
Anime
Disney
NFL
Country
Puzzle
Pokémon
The Office
WWE
Soccer
Song
hide this ad
More By:
MrInfernis
Quiz
Plays
Rating
Category
Featured
Created
NFL Pro Bowl Quarterback Vagabonds
4,838
4.50
Sports
Oct 25, 2010
NFL Team Power Rankings (2000-2009)
3,883
3.54
Sports
Nov 25, 2010
Baseball HR Champions (100 years)
3,195
4.45
Sports
Jun 6, 2011
Greatest Baseball Record-holders
2,173
2.76
Sports
Oct 19, 2010
World's Largest Bodies of Water
689
3.80
Geography
Oct 3, 2010
Go to Creator's Profile
Score Distribution
Quiz Creator Spotlight
MrInfernis
Follow
Send a Message
Quizzes Created
-
Created Quiz Play Count
-
More By This Creator
Popular Quizzes Today
1
Colored Red Africa Blitz
2
Find the US States - No Outlines Minefield
3
Find the 'City' Movie
4
5x2 Blitz: Bands
5
The Countries of the World
6
Find the US States
7
Find the Countries of Europe - No Outlines Minefield
8
US States
More Sports Quizzes
English Football Kits since 2006/07
Quiz Lab
Trending Quizzes
Colored Red Europe Blitz I
Colored Red Europe Blitz II
Colored Red Africa Blitz II
Colored Red Europe Blitz III
Colored Red Africa Blitz III
Recently Updated
How Do You Spell That?
pecheneg
Godzilla Movies
pecheneg
Grab Bag: 4-10 Letters
pecheneg
2024 March Madness Bracket
pecheneg
Famous TV Couples
Peacemaker
Champions League XIs: Real Madrid
pecheneg
Largest US Cities 1790-2010
pecheneg
Rides in Walt Disney World
pecheneg
Most Oscar Losses (Acting)
pecheneg
Beyoncé Albums
pecheneg
Trending Topics
Harry Potter
NBA
Marvel
Kpop
Anime
Crossword
Disney
The Office
Puzzle
Country
NFL
Soccer
WWE
Pokémon
Song
Your Account Isn't Verified!
In order to create a playlist on Sporcle, you need to verify the email address you used during registration. Go to your
Sporcle Settings
to finish the process.
Report this User
Report this user for behavior that violates our
Community Guidelines
.
Details:
Send Report
Go to the Sporcle.com Mobile Site →
Comments